000 00507nam a2200193 a 4500
001 1773825107113
003 YourLibrary
005 20260318144534.0
008 260318s2005##################000#0#eng##
020 _a9781844800940
082 0 4 _a338.064ACS
100 1 _aAcs, Zoltan,
_eauthor.
245 1 0 _aRegional Innovation, Knowledge and Global Change :
260 _c2005.
300 _a284 pages
650 0 _aBusiness & Economics.
942 _cENGLISH
040 _aYourLibrary
_beng
_cYourLibrary
999 _c617838
_d617838